[Event "Dyfed Open"]
[Site "Fishguard"]
[Date "2020.02.15"]
[Round "2.14"]
[White "Van Kemenade, Julie"]
[Black "Knight, Colin B"]
[Result "1-0"]
[WhiteElo "1689"]
[BlackElo "1759"]
[Annotator "kemen"]
[PlyCount "107"]
[EventDate "2020.02.??"]
[EventType "swiss"]
[EventRounds "5"]
[EventCountry "WLS"]
[SourceVersionDate "2020.02.18"]

1. e4 c5 2. Nc3 d6 3. Bc4 Nf6 4. d3 Nc6 5. h3 (5. f4) 5... a6 6. a3 (6. a4)
6... e6 (6... b5 7. Ba2) 7. Nf3 Be7 8. O-O O-O 9. Re1 e5 (9... b5 10. Ba2 Bb7
11. Ne2 {main}) 10. Ng5 (10. Nd5 {Stockfish11}) 10... h6 11. Nf3 Be6 12. Nd5
Nd7 13. c3 b5 14. Bb3 (14. Ba2) 14... Na5 15. Bc2 Nf6 (15... f5 16. Nxe7+ Qxe7
17. exf5 Bxf5 18. b4 $14 {Stockfish11}) 16. Ne3 Nc6 17. d4 Bd7 18. Nf5 (18.
dxc5 dxc5 19. a4 $16) (18. b4 $14) 18... Bxf5 19. exf5 Qc7 (19... exd4 20. cxd4
Rc8 21. Bf4 cxd4 22. a4 Nd5 23. Bg3 Bf6 24. axb5 axb5 25. Bd3 Qb6 26. Qb3 Ndb4
27. Bf1 Rfd8 28. Red1 $11 {Stockfish11}) 20. Be3 (20. dxc5 dxc5 21. a4 $14)
20... e4 21. Nh4 (21. d5) 21... d5 (21... cxd4 22. cxd4 d5 $17 {Stockfish11})
22. dxc5 Rad8 23. g4 Nd7 (23... d4 24. cxd4 Nxd4 $19 {Stockfish11}) 24. Ng2 (
24. f6 Bxf6 25. Qxd5 (25. Nf5 Nde5 26. Bf4 Ne7 $19) 25... Bxh4 26. Qxe4 Nf6 $19
) 24... Nde5 25. Bf4 (25. Kh1 Bxc5 $19 {Stockfish11}) 25... Bxc5 26. Kf1 Qb6 (
26... Qe7 $19) 27. Re2 Nf3 (27... Rfe8 $19) (27... Qb7 $19) 28. Qc1 (28. b4 Be7
29. Ne3 d4 30. Nd5 Rxd5 31. Bxe4 Rdd8 32. Bxf3 dxc3 33. Qc1 Bf6 $17 {
Stockfish11}) 28... Nce5 29. Be3 d4 (29... Bxe3 30. Qxe3 d4 $19 {Stockfish11})
30. cxd4 Bxd4 (30... Nxd4 31. Bxd4 Rxd4 32. Qf4 (32. Bxe4 Nc4) 32... Nc4 33.
Bxe4 Re8 $19 {Stockfish11}) 31. Bxe4 Rc8 (31... Bxe3) 32. Rc2 Nc4 (32... Rc4
33. Rxc4 bxc4 34. Bxf3 Nxf3 35. Bxd4 Nh2+ 36. Kg1 Nf3+ 37. Kf1 Qxd4 $11 {
Stockfish11}) 33. Bxf3 $18 Rfd8 34. Bxd4 Qxd4 35. Kg1 Rb8 36. Ne3 Ne5 37. Bg2 (
37. Qd1) 37... Qf4 38. Nf1 Qd4 39. Qe3 Qd6 40. Rac1 Nc4 41. Qg3 Qf6 42. Ne3
Nxb2 43. Rc6 (43. Nd5 Qd4 44. Ne7+ Kh7 45. Nc6 $18 {Stockfish11}) 43... Qd4 44.
f6 g6 45. Nd5 (45. Nf5) 45... Nc4 46. Ne7+ (46. Re1) 46... Kh7 47. Bd5 (47. Qc7
) (47. Nxg6 Ne5) (47. Rxa6) 47... Ne5 48. g5 (48. Rc7) (48. Bb3) 48... Nxc6 (
48... Rxd5 {despite initial concerns might be a way to hold} 49. Nxd5 (49. Rc7)
49... Nxc6 50. Ne7 (50. Ne3 Ne5 51. Rc7 hxg5 52. Re7 b4 53. Qxe5 Qxe5 54. Rxe5
b3 55. Nd1 b2 56. Nxb2 Rxb2 57. Re7 Rb3 58. Rxf7+ Kg8 59. Rg7+ Kf8 60. Kg2 Rxa3
61. Rxg6 Ra5 62. Rg7 Rf5 63. Kg3 a5 64. Ra7 a4 (64... Rxf6 65. Rxa5 Kg7 66.
Rxg5+ Kh6 {draws with the split pawns}) 65. Kg4 Rxf6 66. f3 Kg8 67. Rxa4 Kg7
68. Kxg5 Rxf3 $11) 50... Nxe7 51. Qxb8 Qd2 52. Rc5 Nf5 53. Qe8 Qd1+ 54. Kh2
Qd6+ 55. Re5 Qc7 56. gxh6 Nh4 57. Kg3 Nf5+ 58. Kg2 Nh4+ $11) 49. Nxc6 (49. Bxc6
$18) 49... Qxd5 50. Nxb8 Qd2 (50... Rxb8 $1 51. Rc7 (51. Qxb8 Qxg5+ 52. Kh2
Qxc1 $19) 51... hxg5 52. Rxf7+ Qxf7 53. Qxb8 Qxf6 $11) 51. Qc7 (51. Rc7 $18)
51... Kg8 (51... Qxg5+ 52. Kh1 (52. Kf1 Qd5 53. Nxa6 Qh1+ 54. Ke2 Qe4+ 55. Kf1
Qh1+ $11) 52... Qxf6 53. Nd7 Qxf2 54. Ne5 (54. Qxd8 Qf3+ $11) 54... Rd2 55.
Qxf7+ Qxf7 56. Nxf7 Rd3 57. Kg2 Rxa3 $11 {Stockfish11}) 52. gxh6 $18 Qd5 53.
Rc5 Qd1+ 54. Kg2 (54. Kg2 Rd2 55. Qe7 Rxf2+ 56. Kxf2 Qd2+ 57. Kf3 Qd3+ 58. Qe3
$18) 1-0

[Event "Dyfed Open"]
[Site "Fishguard"]
[Date "2020.02.15"]
[Round "2.15"]
[White "Dixon, Chris"]
[Black "Morgans, Justin"]
[Result "1/2-1/2"]
[WhiteElo "1754"]
[BlackElo "1605"]
[Annotator "kemen"]
[PlyCount "35"]
[EventDate "2020.02.??"]
[EventType "swiss"]
[EventRounds "5"]
[EventCountry "WLS"]
[SourceVersionDate "2020.02.18"]

{[%evp 0,35,19,31,75,63,83,64,75,71,72,35,28,28,40,12,2,21,7,24,30,40,39,34,81,
84,122,108,103,104,111,112,105,97,104,83,68,67]} 1. e4 d6 2. d4 Nf6 3. Nc3 g6
4. Be3 Bg7 5. Qd2 O-O 6. f3 e5 7. dxe5 (7. Nge2) (7. d5) (7. O-O-O) 7... dxe5
8. O-O-O Qxd2+ 9. Rxd2 Be6 (9... c6) 10. Nh3 (10. Bb5) 10... Bxh3 (10... Nc6)
11. gxh3 c6 12. Be2 (12. Bc4) 12... Nbd7 13. Rhd1 Nb6 14. Kb1 Rfe8 15. a4 Bf8
16. a5 Nc8 17. Bg5 Kg7 18. Na2 $14 (18. Bxf6+ Kxf6 19. Rd7 Re7 20. a6 $14)
1/2-1/2

[Event "Dyfed Open"]
[Site "Fishguard"]
[Date "2020.02.15"]
[Round "2.16"]
[White "Jones, Martin C"]
[Black "Lawrence, Alex"]
[Result "1-0"]
[WhiteElo "1745"]
[BlackElo "1466"]
[Annotator "kemen"]
[PlyCount "107"]
[EventDate "2020.02.??"]
[EventType "swiss"]
[EventRounds "5"]
[EventCountry "WLS"]
[SourceVersionDate "2020.02.18"]

{[%evp 0,107,19,5,5,-36,53,41,41,47,47,25,8,2,6,1,16,8,14,3,28,-7,6,6,38,18,79,
-8,4,5,-19,-21,-20,-20,-3,-5,8,-19,-15,-56,-13,-55,-48,-86,-21,-26,-24,-21,-23,
-69,12,19,12,-9,6,-8,-22,-87,-98,-91,-115,-99,-113,-127,-115,-139,-133,-170,
-145,-158,-156,-170,-172,-196,-149,-179,-143,-144,-152,-181,-117,-231,-105,-99,
-116,-126,-141,-167,-113,-160,-173,-203,-174,-178,-200,-234,-267,-263,-178,
-208,0,-180,637,748,29985,29986,29987,29988,29989,29990]} 1. d4 Nf6 2. c4 g6 3.
Nc3 Bg7 4. Nf3 d6 5. Bg5 h6 6. Bh4 g5 7. Bg3 O-O (7... Nh5) 8. e3 c5 (8... Nh5)
9. d5 Qb6 (9... Nh5 {225 games}) 10. Qc2 (10. Rb1 {3.5-0.5}) 10... Na6 (10...
Bf5 $11 {1 game each}) 11. a3 (11. Nd2 $16) 11... Nh5 (11... Bf5) 12. Be2 Bf5 {
too late now, as Wh can 0-0 out of trouble} (12... f5 13. Nd2 Nf6 14. f4 $18)
13. e4 (13. Qxf5 Qxb2 14. O-O Qxc3 15. Bd3 Rfd8 (15... Nf6 16. h4 $18 (16. Ne5
$18)) 16. h4 g4 17. Nh2 Nf6 18. f3 gxf3 19. Nxf3 $18 {Bl's K side is too open})
13... Bh7 (13... Bg6) 14. Bd3 (14. Nd2) 14... Nb8 15. O-O Nd7 $11 16. Rad1 Nxg3
(16... Rae8 $15) 17. hxg3 Ne5 18. Na4 (18. Nxe5 Bxe5 19. Rb1 $11 {Stockfish11})
18... Qc7 19. b4 b6 (19... Nxd3 20. Qxd3 cxb4 21. axb4 Rfc8 22. Nd2 (22. Rc1 b5
$19) 22... b5 23. cxb5 Qc2 $19 {Stockfish11}) 20. bxc5 bxc5 21. Rb1 Qd7 (21...
Nxd3 22. Qxd3 Qa5 23. Qc2 f5 $19 {Stockfish11}) 22. Nxe5 Bxe5 23. Nc3 Rfb8 (
23... Rab8) 24. Qa4 Rd8 (24... Qxa4 25. Nxa4 Kg7 $15 {Wh has a bad B , while
Bl's Bs are very useful}) 25. Qxd7 Rxd7 26. Na4 {the N is going offside -
where will it go to from here?} (26. Ne2 $11) 26... Rf8 (26... e6 $17) 27. Rb5
e6 28. Rfb1 exd5 29. cxd5 f5 $19 30. exf5 Bxf5 31. Bxf5 Rxf5 32. Nb2 Bd4 33.
Nd1 Rdf7 $19 (33... Rxd5 $19) (33... Re7 $19) 34. Rb8+ Kg7 35. Re8 Rxd5 $19 (
35... h5 $19) 36. Rbb8 Kg6 (36... c4 37. Rec8 Rc5 38. Rxc5 Bxc5 $19 {
Stockfish11}) 37. Rbd8 Rb7 38. Ne3 Bxe3 (38... Rb1+ 39. Nf1 (39. Kh2 Bxe3 40.
fxe3 {transposes to game}) 39... Bf6 40. Re6 Rdd1 41. Kh2 Rxf1 42. g4 Rxf2) 39.
fxe3 (39. Rxe3 Rb1+ 40. Kh2 g4 $19) 39... Rb1+ (39... Kh5) 40. Kh2 Rdd1 (40...
Kh5 41. g4+ Kh4 42. Rb8 Ra1 43. Re4 Rd2 44. Rc4 Raa2 $19 {Stockfish11}) 41. g4
Kf7 42. Rf8+ Ke6 43. Rde8+ Kd7 (43... Kd5 {running forward to shelter}) 44.
Rd8+ Kc6 45. Rf6 Rb3 (45... Rb7 46. Rxh6 Re7) 46. e4 Re3 47. Ra8 Rxe4 48. Rxa7
Ree1 $19 (48... c4 $19) (48... Rxg4 $19) 49. Ra6+ Kc7 (49... Kb5 50. Raxd6 Rxd6
51. Rxd6 c4 $19) (49... Kd7) 50. Ra7+ (50. Rf7+ Kb8 51. Rb6+ Kc8 52. Rc6+ Kb8 (
52... Kd8 53. Ra6 Ke8 54. Rh7 $19) 53. Rb6+ $11 {perpetual- Stockfish11}) 50...
Kd8 (50... Kc6 $19) (50... Kb6 $19 51. Rd7 c4) 51. Rff7 (51. Rf8+ Re8 52. Rff7
{mating soon}) 51... Rh1+ 52. Kg3 Rd3+ 53. Kf2 Ke8 54. Rfb7 1-0

[Event "Dyfed Open"]
[Site "Fishguard"]
[Date "2020.02.15"]
[Round "3.1"]
[White "Young, Alan"]
[Black "Zeidler, Sven P."]
[Result "1-0"]
[WhiteElo "2051"]
[BlackElo "2186"]
[Annotator "kemen"]
[PlyCount "93"]
[EventDate "2020.02.??"]
[EventType "swiss"]
[EventRounds "5"]
[EventCountry "WLS"]
[SourceVersionDate "2020.02.18"]

{[%evp 0,93,19,31,38,34,66,72,79,77,86,61,60,47,59,35,59,43,72,63,70,62,59,24,
64,25,26,24,29,5,28,20,1,15,-4,-4,69,61,94,21,186,66,159,186,186,178,178,178,
172,119,117,102,103,83,151,140,166,177,222,220,226,226,241,238,241,236,252,236,
249,190,184,194,262,241,246,203,218,199,202,198,209,211,209,211,243,234,274,
279,283,282,281,584,599,692,703,741]} 1. e4 Nc6 2. Nf3 d6 3. d4 Nf6 4. Nc3 g6
5. h3 Bg7 6. Be3 a6 7. Qd2 O-O 8. d5 Nb8 (8... Na7 $5 {0.5-1.5}) 9. Bh6 b5 10.
Bxg7 Kxg7 11. a3 $146 {Stockfish11} (11. Bd3 {all 3 results in 3 games}) 11...
c6 12. dxc6 Nxc6 13. Be2 Bb7 14. O-O {a Sicilian-type position has been
reached, transposing to games already played} Rc8 (14... Ne5 {Stockfish11} 15.
Qd4 Qc7 16. Rfe1 Rac8 17. Nd2 Qc5 {Annaberdiev-Semiev, Alushta Summer 2005,1/
2-1/2}) (14... Qc7 15. Rfd1 Rfd8 16. Nd5 Nxd5 17. exd5 Ne5 18. Qe3 Rac8 19.
Rac1 Re8 20. Rd4 Nxf3+ 21. Bxf3 Qc5 22. Qd2 $11 {Franciskovic-Kaksa, CRO ch tm
U20, 2007,1-0}) 15. Rad1 Qb6 {Stockfish11} (15... Qa5 $11 {1.5-0.5}) 16. Nd5
Nxd5 17. exd5 Na5 (17... Ne5 $11) 18. Rfe1 $16 (18. b3 $16 {Stockfish11}) 18...
Rc7 19. Nd4 (19. b3 $18) (19. b4 Nc4 20. Bxc4 bxc4 21. Nd4 $16 {both
Stockfish11}) 19... h6 (19... Bxd5 20. Nf5+ gxf5 21. Qg5+ Kh8 22. Rxd5 $16 {
Stockfish11}) 20. Qe3 $18 Kh7 21. Ne6 (21. b4 Nc4 22. Bxc4 bxc4 23. Ne6 Qxe3
24. Nxf8+ Kg8 25. fxe3 Kxf8 26. e4 $18 {Stockfish11}) 21... Qxe3 22. Nxf8+ Kg7
23. fxe3 Kxf8 24. b4 (24. Rd2) 24... Nc4 25. Bxc4 Rxc4 26. Re2 (26. e4 Rc3 27.
Rd2 Rxa3 28. Rd3 $18 {Stockfish11}) 26... Rc3 (26... f5) 27. Rd3 Rxd3 28. cxd3
Ke8 (28... Bxd5 29. Rc2 Ke8 30. Rc7 Kd8 31. Ra7 $18 {Stockfish11}) 29. e4 Kd8
30. Rc2 {sooner or later the R will be able to force an entry} Bc8 31. Kf2 Bb7
32. Ke3 Bc8 33. Kd4 Bb7 34. e5 (34. h4) 34... Kd7 35. Re2 Kd8 36. Rf2 (36. e6
f6 37. g4 Bc8 38. h4 Kc7 39. Rf2 Kb6 40. g5 $18 {Stockfish11= the B is just
out of the game}) 36... Ke8 37. a4 bxa4 38. Ra2 Kd7 39. Rxa4 Kc7 40. Ra2 Kd7
41. Rf2 Ke8 42. e6 f6 43. g4 Kd8 44. h4 Ke8 45. g5 hxg5 46. hxg5 fxg5 47. Rh2
1-0

[Event "Dyfed Open"]
[Site "Fishguard"]
[Date "2020.02.15"]
[Round "3.2"]
[White "Williams, A. Howard"]
[Black "Pleasants, Allan J"]
[Result "1-0"]
[WhiteElo "2246"]
[BlackElo "2028"]
[Annotator "kemen"]
[PlyCount "83"]
[EventDate "2020.02.??"]
[EventType "swiss"]
[EventRounds "5"]
[EventCountry "WLS"]
[SourceVersionDate "2020.02.18"]

{[%evp 0,83,36,22,22,-22,47,45,32,36,31,26,54,21,18,28,26,13,19,30,64,64,62,51,
58,67,64,43,66,65,65,69,89,69,84,77,82,81,95,94,97,103,123,130,153,142,154,140,
148,156,169,144,175,146,168,169,193,195,195,189,248,251,252,327,301,180,175,
169,199,242,242,271,279,159,159,170,176,176,206,230,217,235,232,225,218,222]} 
1. Nf3 Nf6 2. c4 g6 3. Nc3 Bg7 4. d4 O-O 5. Bg5 c5 (5... d6 {main}) 6. e3 (6.
d5) 6... cxd4 7. exd4 d6 (7... d5 {Bl gets good play for the gambitted pawn} 8.
Bxf6 Bxf6 9. Nxd5 Bg7 10. Nc3 Bg4) 8. Be2 Nc6 9. d5 {at 75%; scores better for
Wh than the more frequent} (9. O-O {48% for Wh}) 9... Nb4 {Stockfish11} (9...
Nb8 {4.5-1.5}) 10. O-O (10. a3 Na6 11. b4 Bg4 12. Rc1 Rc8 13. Qb3 Nb8 14. O-O
Nbd7 15. Nb5 a6 16. Nbd4 $16 {Certic-Starcevic, Belgrade Winter op 2004,1-0})
10... Na6 11. Nd4 Nc5 12. Be3 (12. Bf3 $5) 12... a5 13. Bf3 Bd7 14. Re1 {
Stockfish11} (14. b3 {also considered by Stockfish11}) 14... Rc8 15. Rc1 (15.
h3 $5) 15... Qb6 16. Ndb5 Bxb5 17. Nxb5 Nfd7 18. b3 {Bl is in a cramped
position} Ne5 19. Be2 f5 20. f4 $18 Nf7 21. Bf3 g5 {this leaves Bl with more
problems on the K side as Wh's pieces are better placed to exploit any opening
of the position} 22. g3 (22. fxg5 $18 {is also good}) 22... g4 23. Bg2 Nh8 24.
Qc2 (24. h3 h5 25. hxg4 hxg4 {Stockfish11- & Wh will make more use of the h
file}) 24... Qd8 25. Nd4 Qd7 26. a3 {Wh is no hurry & takes up more Q side
space.} (26. Ne6 Nxe6 27. dxe6 Qc7 28. h3 $18 {Stockfish11}) (26. h3 Bxd4 27.
Bxd4 Ng6 28. hxg4 fxg4 29. Bxc5 Rxc5 30. Be4 Rf6 31. Kg2 $18 {Stockfish11})
26... Ng6 (26... a4 27. b4 Bxd4 28. Bxd4 Nb3 29. Qc3 Ng6 30. Rc2 Nxd4 31. Qxd4
Qd8 32. h3 $18 {Stockfish11}) 27. b4 axb4 28. axb4 Na6 29. Qb3 Kh8 (29... Bxd4
30. Bxd4 Rf7 31. Bf2 $18 {Stockfish11}) 30. Ne6 Rf7 31. c5 Qb5 32. cxd6 (32. c6
$1 bxc6 33. dxc6 Rf6 (33... Qxb4 34. Qa2 Ra8 35. Qxa6 Rxa6 36. c7 $18 {
Stockfish11}) 34. Rb1 Nc7 (34... Nc5 35. Qd5) 35. Nd4 Qb8 36. b5 e5 37. b6 exd4
38. Bxd4 Rf7 39. Qc4 (39. Qxf7) 39... d5 40. Bxg7+ Rxg7 41. Qd4 Na6 42. Ra1 $18
{Stockfish11}) 32... Rxc1 33. Rxc1 exd6 34. Rc8+ Nf8 35. Bd2 Qe2 36. Nxg7 (36.
Qc2) (36. Qe3 Qxe3+ 37. Bxe3 Nxb4 38. Bc1 Na6 39. Ba3 Nc5 40. Bxc5 dxc5 41. d6
$18 {Stockfish11}) 36... Kxg7 37. Qc3+ Kg6 (37... Kg8 38. Qd4) 38. Bf1 Qe4 39.
Bd3 Qf3 40. Bxa6 Qxc3 41. Bxc3 bxa6 42. Rc6 1-0

[Event "Dyfed Open"]
[Site "Fishguard"]
[Date "2020.02.15"]
[Round "3.3"]
[White "Jones, Iolo C"]
[Black "Harding, Gareth"]
[Result "0-1"]
[WhiteElo "2163"]
[BlackElo "1557"]
[Annotator "kemen"]
[PlyCount "109"]
[EventDate "2020.02.??"]
[EventType "swiss"]
[EventRounds "5"]
[EventCountry "WLS"]
[SourceVersionDate "2020.02.18"]

1. d4 e6 2. Nf3 d5 3. c4 Nf6 4. Nc3 Be7 5. Bf4 (5. Bg5 {main}) 5... O-O 6. e3
c6 (6... c5 {main}) 7. Bd3 Nbd7 8. h3 dxc4 9. Bxc4 Nb6 (9... b5 10. Bd3 Bb7 (
10... a6)) 10. Be2 (10. Bd3) (10. Bb3 {main lines; seeking more control over
the centre- though the B might get to f3}) 10... Nbd5 11. Nxd5 (11. Bh2 Bb4 12.
Qb3 Qa5 13. Rc1 Ne4 14. O-O Bxc3 15. bxc3 Nexc3 16. Bd3 Na4 (16... f5) 17. e4
Nf6 18. Bd6 Nb6 (18... Re8 19. Bb4 Qc7 20. Qxa4) 19. e5 Nfd7 20. Rfe1 Qa4 21.
Qc3 Nd5 22. Qd2 {Matt-Prager, Bundesliga Ost 2019,1-0}) (11. Be5 Qa5 12. O-O
Nxc3 13. bxc3 Qxc3 14. a4 $11 {Stockfish11}) 11... exd5 (11... Nxd5) 12. O-O h6
(12... Bf5 $11) 13. Ne5 (13. Bd3 {Stockfish11}) 13... Be6 14. Rc1 (14. a4 Bd6
15. a5 a6 16. Nd3 Bxf4 17. Nxf4 Bf5 $11 {Stockfish11}) (14. Qb3 Qb6 $11) 14...
a5 15. Qb3 Bc8 $11 (15... Qc8 $11) 16. Bd3 a4 17. Qd1 (17. Qc3 $11) 17... Qb6 (
17... a3 18. b3 Be6 $11 {Stockfish11}) 18. Qe2 (18. Rb1 c5 19. dxc5 Bxc5 20.
Nf3 Bd7 21. b4 Be7 22. a3 Rac8 23. Rc1 Rxc1 24. Qxc1 Rc8 25. Qa1 Bb5 26. Bf5
Rd8 27. Rc1 Bc4 28. Qb1 Bd6 29. Bxd6 Qxd6 30. Nd4 $14 {()tockfish11}) 18... Be6
19. Bb1 (19. a3) 19... Rad8 20. Nd3 a3 (20... Bf5 $11 {Stockfish11}) 21. b3 $14
(21. Rc3 axb2 22. Rb3 Qa7 23. Qxb2 b5 24. Rc1 Bd7 25. Ne5 $16 {Stockfish11})
21... Bf5 (21... Rfe8) 22. f3 {controls e4, but leaves e3 a little vulnerable}
(22. b4 Qa6 23. Qd1 $16 {Stockfish11}) 22... Rfe8 $11 23. Qd2 Bf8 24. Bg3 Be7
$11 (24... Bg6 $11) 25. Bf2 Qc7 26. Bc2 (26. b4 $11) 26... Bd6 27. Ne1 (27. b4
$11) 27... Bxc2 28. Nxc2 (28. Rxc2) 28... Qe7 $15 {Bl is centralized- a3 is
weak, but so could e3 be. However if a3 drops, a Wh piece or two will be
temporaliry displaced- while e3 is nearer to crucial Wh squares} 29. Qe1 g5 30.
Bg3 Nh5 31. Bxd6 Qxd6 $15 {the Bl pieces are slightly better placed} 32. Qd2
Rd7 $17 33. Rfe1 Rde7 $17 (33... Ng3 34. Qf2 f5 $19 {Stockfish11}) (33... f5
$19 {Stockfish11}) 34. b4 Ra8 (34... f5 {Bl should continue with the K side
buildup} 35. b5 g4 36. hxg4 fxg4 37. fxg4 Ng3 $17 {Stockfish11- which suggests
Whneeds to try e4 to get some K protection underway}) 35. Rb1 (35. b5 Ra4 36.
bxc6 bxc6 37. Rb1 Ng3 $11 38. Rb6 Nf5) 35... f5 $15 36. Qd3 f4 (36... Rae8 $15
37. Qxf5 Rf8 38. Qd3 Ref7 39. Qxa3 Rxf3 $15 {Stockfish11}) 37. e4 (37. exf4
Nxf4 (37... Rae8 38. fxg5 Nf4 39. Rxe7 Rxe7 40. Qf5 Ne2+ 41. Kf2 Qg3+ 42. Kf1
Qh2 43. Kf2 Qg3+ $11) 38. Qd2 Rae8 39. Rxe7 Rxe7 40. Re1 Rxe1+ (40... Nxh3+ 41.
gxh3 Qg3+ 42. Kh1 Qxh3+ 43. Qh2 Rxe1+ 44. Nxe1 Qf1+ 45. Qg1 Qh3+ 46. Qh2 Qf1+
$11) 41. Qxe1 Kg7 $11 {Stockfish11}) 37... dxe4 38. Rxe4 Rxe4 39. Qxe4 (39.
fxe4 Rf8 40. e5 Qd5 41. Qxa3 Ng3 42. Qb3 Ra8 $11 {Stockfish11-Bl seems to have
enough counterplay each time Wh tries for an advantage on the Q side}) 39...
Ng3 $11 (39... Qd5 $11) (39... Kg7 $11) (39... Qf6 $11) 40. Qd3 Re8 41. Nxa3 (
41. b5 Re2 42. bxc6 Qxc6 (42... bxc6 43. Rb7 Kf8 $11) 43. Nxa3 Re3 44. Qc4+
Qxc4 45. Nxc4 Rd3 46. Ne5 Rxd4 47. h4 (47. Rxb7 $2 Rd1+ 48. Kf2 (48. Kh2 Rh1#)
48... Rf1#) 47... b5 $11) 41... Qxd4+ (41... Re3 $1 {Stockfish11} 42. Nc4 (42.
Qc4+ Kg7 $19 43. Nc2 Rc3 $1 $19) 42... Rxd3 43. Nxd6 b5 44. h4 Rxd4 45. Nb7 Rd2
46. Nc5 Rxa2 $17 {Stockfish11}) 42. Qxd4 Ne2+ 43. Kf1 (43. Kf2 {a little better
} Nxd4 44. Rd1 Nf5 45. Nc4 b5 46. Na5 Re6 $15 {Stockfish11}) 43... Nxd4 $15 44.
Rd1 (44. Nc4 Ra8 45. Rb2 Nf5 $15) 44... Nf5 $17 {shortly from now on both
players were surviving on increments} 45. Nc4 (45. Rd2 Ne3+ 46. Kf2 Ra8 47. Nb1
Nc4 48. Re2 Kf7 49. g3 Ne3 $15 {the Bl pieces are more active & Wh has to take
care to keep his K safe}) 45... Ng3+ (45... b5 $19 46. Nd6 (46. Na5 Ne3+ 47.
Ke1 Nxd1+ 48. Kxd1 Ra8 49. Kc2 c5 $19) 46... Rd8 47. Nxf5 Rxd1+ $19) 46. Kg1
Re2 $17 47. a4 {perhaps Wh was still hoping to have some winning chances?} (47.
Nd6 Rxa2 48. Nxb7 Nf5 $17) 47... Re7 (47... Ra2 $1 {Stockfish11- keeps the R
attacking rather than defending a pawn} 48. a5 (48. Nd6 Rxa4 49. Rb1 (49. Nxb7
Rxb4 $19) 49... b5 $19 (49... Ra2 50. Nxb7 Nf5 51. Kh1 Rc2 52. Rg1 Kf7 $17) 50.
h4 Ra2 51. Re1 Rd2 52. Nb7 Nf5 53. hxg5 hxg5 54. Re5 Ng3 55. Re1 Kf7 56. Na5
Rc2 57. Nb3 Kf6 $19 {the Wh pieces are tied down, having to see to the
security of their K} 58. Nc5 Re2 59. Rb1 Rd2 60. Re1 Rd4 61. Na6 Nf5 62. Kh1
Ne3 63. g3 Rc4 64. gxf4 gxf4 65. Kg1 Ke5 (65... Nc2) (65... Rc2) 66. Kf2 Kd4
$19 {Stockfish11}) 48... Ra4 49. Rb1 c5 50. Kf2 Rxb4 $19 (50... cxb4 $19)) 48.
a5 $11 Kf7 49. Nd6+ Ke6 50. Nc8 (50. Nc4) 50... Rd7 51. Re1+ (51. Rxd7 Kxd7 52.
Nb6+ Kc7 53. h4 $11 {Stockfish11}) 51... Kf7 (51... Kf5) 52. Nb6 Re7 53. Rd1 (
53. Rxe7+ Kxe7 54. Na4 Kd6 $11 {Stockfish11}) 53... Ke6 (53... Kg6) 54. Kf2 Kf7
55. Rd7 $11 {however Wh lost on time} 0-1